| 000 | 00570nam a2200229 a 4500 | ||
|---|---|---|---|
| 999 |
_c5246 _d5246 |
||
| 001 | 5246 | ||
| 003 | BD-JhCC | ||
| 005 | 20171213131630.0 | ||
| 008 | 171211s1959 rur||||| |||| 00| 0 eng d | ||
| 035 | _a(BD-JhCC)5246 | ||
| 040 |
_aBD-JhCC _dBD-JhCC |
||
| 041 | _aeng | ||
| 082 |
_a335.41 _bMAR 1954 |
||
| 100 | _aMarx, Karl | ||
| 245 |
_aCapital : A Critoque of political economy / _cKarl Marx |
||
| 260 |
_aRussia : _bProgress Publishers, _c1954. |
||
| 300 |
_a767 p. : _c21 cm. |
||
| 650 | _aCapital | ||
| 650 | _aEconomics | ||
| 942 |
_2ddc _cBK |
||